La empiria trascendental sobre el concepto de Reflexión en Habermas
Furkejuvvon:
| Váldodahkki: | |
|---|---|
| Materiálatiipa: | Girji |
| Giella: | Undetermined |
| Almmustuhtton: |
San José, Costa Rica
Universidad de Costa Rica, Sistema de Estudios de Posgrado en Filosofía
2010
|
| Fáttát: | |
| Liŋkkat: | Resumen |
| Fáddágilkorat: |
Lasit fáddágilkoriid
Eai fáddágilkorat, Lasit vuosttaš fáddágilkora!
|
MARC
| LEADER | 00000nam a2200000Ia 4500 | ||
|---|---|---|---|
| 008 | 170316s9999 xx 000 0 und d | ||
| 999 | |c 30846 |d 30846 | ||
| 040 | |a cru BVZT | ||
| 090 | |a TESIS 838 | ||
| 100 | |a Salas Muñóz, Mario | ||
| 245 | |a La empiria trascendental sobre el concepto de Reflexión en Habermas | ||
| 260 | |a San José, Costa Rica |b Universidad de Costa Rica, Sistema de Estudios de Posgrado en Filosofía |c 2010 | ||
| 300 | |a 413 páginas | ||
| 650 | |a DOCTORADO EN FILOSOFÍA | ||
| 650 | |a TRABAJO FINAL DE GRADUACIÓN |9 237 | ||
| 650 | |a REFLEXIÓN-CONCEPTO | ||
| 650 | |a TEORÍA CRÍTICA-SOCIEDAD | ||
| 856 | |y Resumen |q PDF |u http://www.sep.ucr.ac.cr/images/Filosofia/Tesis_doct/Salas.pdf |z Formato de salida: PDF | ||
| 942 | |c TFG |h TESIS 838 |2 z | ||
